| 000 | 00791nam a2200265Ia 4500 | ||
|---|---|---|---|
| 003 | OSt | ||
| 005 | 20220925195216.0 | ||
| 006 | a|||||r|||| 00| 0 | ||
| 007 | ta | ||
| 008 | 220923b |||||||| |||| 00| 0 eng d | ||
| 020 |
_a1843768917 _c8494.69 |
||
| 037 |
_bBBS/102, 15/10/2007, Better Book Service _cGeneral Book |
||
| 040 |
_aRTL _cRTL _beng |
||
| 041 |
_2eng _aeng |
||
| 082 | _aX65291, P6 | ||
| 100 |
_aBrent Robert J _9253679 |
||
| 245 | 0 | _aApplied cost benefit analysis | |
| 250 | _aEd. 2 | ||
| 260 |
_aCheltenham _bEdward Elgar _c2006 |
||
| 300 |
_axxii, 470p _ccm. |
||
| 500 | _aBibliography P 431-44 | ||
| 650 | _aCommerce | ||
| 942 |
_hX65291, P6 _cGB _2CC |
||
| 999 |
_c532211 _d532211 |
||